Trò chơi và thú tiêu khiển của người Huế

Αποθηκεύτηκε σε:
Λεπτομέρειες βιβλιογραφικής εγγραφής
Κύριος συγγραφέας: Trần Đức Anh Sơn
Μορφή: Άγνωστο
Γλώσσα:Vietnamese
Έκδοση: Văn hóa Thông tin 2011
Θέματα:
Ετικέτες: Προσθήκη ετικέτας
Δεν υπάρχουν, Καταχωρήστε ετικέτα πρώτοι!
Thư viện lưu trữ: Mạng thư viện Đại học Đà Nẵng
LEADER 00930na a2200265 4500
001 000031392
003 6060
005 20151001093451.0
008 151001s2011 000 vie
020 |a 9786045001011 
082 |a 398.9  |b TR-S 
100 |a Trần Đức Anh Sơn 
245 |a Trò chơi và thú tiêu khiển của người Huế  |c Trần Đức Anh Sơn 
260 |a Văn hóa Thông tin  |c 2011 
300 |a 237tr. : mh ; 21 cm 
650 |a Trò chơi thú tiêu khiển, Huế 
OWN |a LNN 
AVA |a UDN50  |b LNN  |d 398.9 TR-S  |e available  |t Error 5001 Not defined in file expand_doc_bib_avail.  |f 1  |g 0  |h N  |i 0  |k 1 
999 |a From the UDN01 
AVA |a UDN50  |b LNN  |d 398.9 TR-S  |e available  |t Error 5001 Not defined in file expand_doc_bib_avail.  |f 1  |g 0  |h N  |i 0  |k 1 
TYP |a Printed language 
980 |a Mạng thư viện Đại học Đà Nẵng